<?xml version="1.0" encoding="UTF-8"?>
<collection xmlns="http://www.loc.gov/MARC21/slim">
 <record>
  <leader>02624nab a2200349 i 4500</leader>
  <controlfield tag="001">acta86921</controlfield>
  <controlfield tag="005">20250414143429.0</controlfield>
  <controlfield tag="008">250414s2022    hu      o     000   eng d</controlfield>
  <datafield tag="022" ind1=" " ind2=" ">
   <subfield code="a">1588-4082</subfield>
  </datafield>
  <datafield tag="024" ind1="7" ind2=" ">
   <subfield code="a">10.14232/abs.2022.2.100-105</subfield>
   <subfield code="2">doi</subfield>
  </datafield>
  <datafield tag="040" ind1=" " ind2=" ">
   <subfield code="a">SZTE Egyetemi Kiadványok Repozitórium</subfield>
   <subfield code="b">hun</subfield>
  </datafield>
  <datafield tag="041" ind1=" " ind2=" ">
   <subfield code="a">eng</subfield>
  </datafield>
  <datafield tag="100" ind1="1" ind2=" ">
   <subfield code="a">Misz András</subfield>
  </datafield>
  <datafield tag="245" ind1="1" ind2="0">
   <subfield code="a">Investigation of the efficiency of some fungicides and disinfectants applied in Agaricus bisporus cultivation</subfield>
   <subfield code="h">[elektronikus dokumentum] /</subfield>
   <subfield code="c"> Misz András</subfield>
  </datafield>
  <datafield tag="260" ind1=" " ind2=" ">
   <subfield code="a">University of Szeged</subfield>
   <subfield code="b">Szeged</subfield>
   <subfield code="c">2022</subfield>
  </datafield>
  <datafield tag="300" ind1=" " ind2=" ">
   <subfield code="a">100-105</subfield>
  </datafield>
  <datafield tag="490" ind1="0" ind2=" ">
   <subfield code="a">Acta biologica Szegediensis</subfield>
   <subfield code="v">66 No. 2</subfield>
  </datafield>
  <datafield tag="520" ind1="3" ind2=" ">
   <subfield code="a">Pathogenic moulds (e.g., Trichoderma, Hypomyces, and Lecanicillium) cause huge problems in industrial scale production of Agaricus bisporus. It is important to choose the right control strategy, either chemical or biocontrol-based, to prevent substantial economic losses. The present study was carried out to reveal the in vitro efficacy of some fungicides and disinfectants against causative agents of wet bubble (Hypomyces perniciosus), dry bubble (Lecanicillium fungicola var. fungicola), cobweb disease (Hypomyces odoratus), and green mould (e.g., Trichoderma aggressivum f. aggressivum, T. aggressivum f. europaeum, T. harzianum), the four most devastating fungal infections in mushroom production. Prochloraz was efficient against Trichoderma and H. perniciosus isolates. Metrafenone did not cause complete inhibition for any of the isolates even at the highest concentration (5%) tested. In both cases Lecanicillium isolates displayed the lowest growth rate inhibition. Concerning the tested disinfectants, treatment with Sekusept Aktiv resulted in complete growth inhibition for all isolates in the concentration range of 1.25-5%. Terralin Protect, Disinflex and Formalin were also effective, except against the tested isolates of T. agressivum f. agressivum which proved to be the most resistant.</subfield>
  </datafield>
  <datafield tag="650" ind1=" " ind2="4">
   <subfield code="a">Természettudományok</subfield>
  </datafield>
  <datafield tag="650" ind1=" " ind2="4">
   <subfield code="a">Biológiai tudományok</subfield>
  </datafield>
  <datafield tag="650" ind1=" " ind2="4">
   <subfield code="a">Mezőgazdaság-tudományok</subfield>
  </datafield>
  <datafield tag="650" ind1=" " ind2="4">
   <subfield code="a">Mezőgazdaság, erdészet, halászat</subfield>
  </datafield>
  <datafield tag="695" ind1=" " ind2=" ">
   <subfield code="a">Növényvédelem, Mikológia, Növénybetegség - gombák, Gombatermesztés, Mikrobiológia</subfield>
  </datafield>
  <datafield tag="700" ind1="0" ind2="1">
   <subfield code="a">Allaga Henrietta</subfield>
   <subfield code="e">aut</subfield>
  </datafield>
  <datafield tag="700" ind1="0" ind2="1">
   <subfield code="a">Büchner Rita</subfield>
   <subfield code="e">aut</subfield>
  </datafield>
  <datafield tag="700" ind1="0" ind2="1">
   <subfield code="a">Varga András</subfield>
   <subfield code="e">aut</subfield>
  </datafield>
  <datafield tag="700" ind1="0" ind2="2">
   <subfield code="a">Bakos-Barczi Nóra</subfield>
   <subfield code="e">aut</subfield>
  </datafield>
  <datafield tag="700" ind1="0" ind2="2">
   <subfield code="a">Bajzát Judit</subfield>
   <subfield code="e">aut</subfield>
  </datafield>
  <datafield tag="700" ind1="0" ind2="2">
   <subfield code="a">Kredics László</subfield>
   <subfield code="e">aut</subfield>
  </datafield>
  <datafield tag="700" ind1="0" ind2="2">
   <subfield code="a">Csutorás Csaba</subfield>
   <subfield code="e">aut</subfield>
  </datafield>
  <datafield tag="700" ind1="0" ind2="2">
   <subfield code="a">Vágvölgyi Csaba</subfield>
   <subfield code="e">aut</subfield>
  </datafield>
  <datafield tag="856" ind1="4" ind2="0">
   <subfield code="u">http://acta.bibl.u-szeged.hu/86921/1/biologica_066_numb_002_100-105.pdf</subfield>
   <subfield code="z">Dokumentum-elérés </subfield>
  </datafield>
 </record>
</collection>
